"Prečo" bryndza?

Bibliographic Details
Main Author: Kočík, Karol, 1968- (Author)
Format: Article
Language:Slovak

MARC

LEADER 00000nab a2200000 a 4500
001 vtls010710423
003 SK-MaSNL
005 20260304192134.0
008 250709s2011 xo |||||||||||||||||slo|
035 |a (urnnbn)urn:nbn:sk:snk:ar-a045o2 
035 |a (uuid)a44eaf15-4c9f-4e56-8d84-2af9d82e7513 
035 |a urn:nbn:sk:snk-ab3dtg 
040 |a SNKBUCL  |b slo  |c SNKBUCL  |e AACR2 
041 0 |a slo 
044 |a xo  |c SK 
100 1 |a Kočík, Karol,  |d 1968-  |4 aut  |9 455033 
245 1 0 |a "Prečo" bryndza?  |c Karol Kočík 
773 0 |t Chov oviec a kôz : aktuálne informácie a údaje z PK pre chovateľov a priaznivcov chovu  |g Roč. 31, č. 3 (2011), s. 8-9 
850 |a Slovenská národná knižnica 
852 |a Slovenská národná knižnica 
954 |a odborná, vedecká literatúra pôvodná (slovenská)  |2 lita 
958 |a article1 
958 |a OND 
958 |a EUIPO 
999 |c 3059421  |d 3061351